000 00590nam a2200217Ia 4500
001 b4406-28076 [5602]
003 IT-MiCISF
008 161014s9999||||xx |||||||||||||| ||und||
040 _aIT-MiCISF
_cIT-MiCISF
041 _ait
100 _aArgentieri Simona
245 0 _aLa fatica di crescere
250 _a1a ed.
260 _a Milano
_bFrassinelli
_c1999
300 _app. 131
500 _a / disturbi-alimentazione, società, massmedia, cura, famiglia, psicoanalisi /
650 _asalute-cura
700 _aRossini Stefania
942 _cBK
957 _71
999 _a28076
_bsi
_g1
_c212861
_d212861